| 000 | 00490nam a22001577a 4500 | ||
|---|---|---|---|
| 003 | NUST | ||
| 082 | _a200 | ||
| 100 |
_aKhanum, Aisha _9114341 |
||
| 245 |
_aOWASP-Based Assessment of Web Application Security/ _cAisha Khanum, |
||
| 264 |
_aIslamabad : _bSEECS, NUST, _c2023. |
||
| 300 |
_a128 p. ; _c30 cm. |
||
| 650 |
_aMS-Information Security _927215 |
||
| 700 |
_aSupervisor: Dr. Sana Qadir _996818 |
||
| 856 | _uhttp://10.250.8.41:8080/xmlui/handle/123456789/33866 | ||
| 942 |
_2ddc _cSC |
||
| 999 |
_c595695 _d595695 |
||